Vecná príslušnosť súdov pre rozhodovanie sporov z poistenia spojeného s predmetom obchodnej činnosti
Problémy v súvislosti s rozšírením právomoci súdov o rozhodovaní sporov vo veciach, ktoré vyplývajú z obchodných vzťahov (včítane podnikateľských a hospodárskych) novelizáciou Občianskeho súdneho poriadku zákonom č. 519/1991 Zb.
Gespeichert in:
| 1. Verfasser: | |
|---|---|
| Format: | Buchkapitel |
| Sprache: | Slowakisch |
| Schlagworte: | |
| Tags: |
Keine Tags, Fügen Sie das erste Tag hinzu!
|
MARC
| LEADER | 00000naa a2200000 4500 | ||
|---|---|---|---|
| 001 | r028143 | ||
| 005 | 20230728093513.6 | ||
| 041 | 0 | |a slo | |
| 044 | |a SK | ||
| 245 | 1 | 0 | |a Vecná príslušnosť súdov pre rozhodovanie sporov z poistenia spojeného s predmetom obchodnej činnosti |c M. Ďurica |
| 520 | |a Problémy v súvislosti s rozšírením právomoci súdov o rozhodovaní sporov vo veciach, ktoré vyplývajú z obchodných vzťahov (včítane podnikateľských a hospodárskych) novelizáciou Občianskeho súdneho poriadku zákonom č. 519/1991 Zb. | ||
| 610 | 2 | 0 | |a poistenie |
| 610 | 2 | 0 | |a obchod |
| 610 | 2 | 0 | |a rozhodovanie |
| 610 | 2 | 0 | |a spory súdne |
| 610 | 2 | 0 | |a súdy |
| 610 | 2 | 0 | |a poriadok súdny občiansky |
| 610 | 2 | 0 | |a zákony |
| 610 | 2 | 0 | |a Slovensko |
| 610 | 2 | 0 | |a podnikanie |
| 610 | 2 | 0 | |a zákonník obchodný |
| 100 | 1 | |a Ďurica, Milan | |